00903nam a22002297a 4500003000400000008004100004020001800045082002000063100001700083245013200100260003200232300001600264650002000280650004400300650004600344650002200390700004200412700001700454942001200471999001700483952017300500OSt260627b |||||||| |||| 00| 0 eng d a9781119417422 a300.28555bK96I aKulas, John  aIBM SPSS Essentials: Managing and Analyzing Social Sciences Data/ by John Kulas, Renata Garcia Prieto Palacios Roji, Adam Smith aNew Jersey:bWiley, c2018. axix, 267 p. aSocial sciences aComputer applications / Data processing aStatistical data analysis and management  aIBM SPSS software aRoji, Renata Garcia Prieto Palacios  aSmith, Adam  2ddccBK c52395d52395 00102ddc4070aRAUbRAUcGENd2026-06-27eToday & Tomorrow Printers and Publishers g7204.00l0o300.28555 K96Ip87607r2026-06-27w2026-01-29yBKkBill No. IN-00449